00578nam a2200169Ia 4500008004100000020001500041041001200056082001600068100001800084245006100102260002500163300000800188650001800196942000700214999001500221952017200236221030s9999 xx 000 0 und d a8120308999 aEnglish a105.23bRob aS. P. Robbins 0aEssentials of Organizational Bahaviourcby S. P. Robbins bPHIaNew Delhic2002 a294 aBE Management cBK c8101d8101 pBE 6178g450.00l0o105.23 Robr2024-06-13 00:00:00w2022-10-30yBK003Print4070aMIETLIBbMIETLIBcBL-Academic Block C, FL-2, CUP-130, SH-5, R-5d2002-12-1710HBE